000 00693nam a2200289Ia 4500
005 20260324123941.0
008 008 260324s9999 xx 000 0 eng d
020 _a9781315834030
037 _aEBOOK
040 _aCRL
040 _beng
040 _cCRL
041 _2eng
041 _aeng
084 _qCRL
100 _aP. M. Holt; M. W. Daly
_91172279
245 2 _aA History of the Sudan
245 0 _bFrom the Coming of Islam to the Present Day
260 _bTaylor and Francis
260 _c2011
365 _a
365 _b300
856 _uhttp://www.taylorfrancis.com/books/9781315834030
942 _cEBOOK
999 _c1766230
_d1766230